KATSEYE - Paroles Pinky Up - Statistiques

Statistiques générales
  • Ce quiz a été pris 105 fois
    104 depuis la dernière actualisation
  • Le résultat moyen est 196 sur 275
Statistiques - réponses
Hint Réponse % Correct
Refrain Pin
100%
pin
100%
up
100%
(Up)
100%
(Up,
100%
up,
100%
up)
100%
Refrain Pinky
97%
pinky
97%
haha,
95%
Intro I
93%
(I
93%
(Ooh)
92%
Pré-refrain Ooh,
92%
ooh)
92%
a
86%
Go
85%
the
83%
(The
83%
(1,
76%
1,
76%
it
76%
Couplet 1 One
76%
one
76%
you,
75%
you
75%
like
73%
ass
71%
love
71%
this
71%
this)
71%
We
71%
we
71%
me,
69%
world,
69%
us
68%
Couplet 2 Us
68%
day,
66%
if
66%
If
66%
in
66%
oui,
66%
oui
66%
out
66%
shaking
66%
with
66%
bet
64%
goes
64%
my
64%
parking
63%
baby,
61%
new
61%
against
59%
get
59%
laugh
59%
Lisa
59%
Mona
59%
No
59%
of
59%
arrested,
58%
make
58%
they
58%
gonna
56%
touch
56%
wanna
56%
And
53%
can
53%
I'm
53%
Louvre
53%
all
51%
attitude
51%
cute
51%
live
51%
lot
51%
but
49%
for
49%
friends
49%
before
47%
down
47%
end
47%
kill
47%
mind
47%
tried
47%
state
46%
burns
44%
cloud
44%
it's
44%
nine
44%
screaming
44%
that
44%
2,
42%
3,
42%
world's
42%
deep
41%
got
41%
hard
41%
4)
39%
from
39%
is
39%
high
37%
we're
37%
frequency,
36%
ground
36%
off
36%
bestest
34%
large,
34%
nothing,
34%
nothing;
34%
philosophy
34%
robbin'
34%
right
32%
soon,
32%
Fancy
31%
Socrates
31%
'em
27%
know
27%
only
25%
just
24%
delusion,
22%
I'd
22%
batshit,
20%
kinda
20%
Put
20%
true
19%
wisdom
15%
knowing
12%
Aucun quiz correspondant
Distribution des résultats
% des personnes avec chaque résultat
Percentile par nombre de réponses
Votre historique - résultats
Vous n’avez pas pris ce quiz depuis la dernière actualisation